[Event "FIDE-Wch"]
[Site "San Luis"]
[Date "2005.09.28"]
[Round "1"]
[White "Polgar, Judit"]
[Black "Anand, Viswanathan"]
[Result "0-1"]
[WhiteElo "2735"]
[BlackElo "2788"]
[Annotator "Lukacs,P"]
[PlyCount "82"]
[EventDate "2005.09.28"]
[EventType "tourn"]
[EventRounds "14"]
[EventCountry "ARG"]
[EventCategory "20"]
[SourceTitle "CBM 110"]
[Source "ChessBase"]
[SourceDate "2006.01.31"]
[SourceVersion "1"]
[SourceVersionDate "2006.01.31"]
[SourceQuality "1"]

{[%mdl 1]} 1. e4 c6 2. d4 d5 3. Nc3 dxe4 4. Nxe4 Nd7 5. Bd3 Ngf6 6. Nf3 {
This setup doesn't yield any real advantage for White.} (6. Ng5 {is the
interesting main line.}) 6... Nxe4 7. Bxe4 Nf6 8. Bd3 Bg4 9. Be3 $5 {The B is
usually not well-placed here.} (9. c3 e6 10. h3 Bh5 11. O-O (11. Be2 {is
extremely passive.} Bd6 12. Ne5 Bxe2 13. Qxe2 Qc7 14. Nd3 (14. f4 O-O 15. O-O
c5 $1 16. dxc5 Bxc5+ 17. Be3 Rad8 $11 {H.Steiner-Flohr, Moscow 1946}) 14...
O-O-O $13 {and Black has nothing to fear.}) (11. Qe2 Be7 12. Bd2 {/\ 0-0-0} a5
13. a3 (13. O-O-O a4) 13... Qd5 14. g4 Bg6 15. Bxg6 hxg6 {The bad dark-squared
B has remained.} 16. c4 Qe4 $11 {Velimirovic-Smagin, Zenica 1987}) 11... Bd6 {
/\ Qc7, 0-0-0, -> >>} (11... Be7 {is not so aggressive.} 12. Be2 O-O 13. Ne5
Bxe2 14. Qxe2 Nd7 {is a drawish line.} 15. Bf4 Nxe5 {1/2-1/2 Kurajica-Zelcic,
Solin 1998})) (9. h3 Bh5 10. c3 e6 {- 9.c3}) 9... e6 10. c3 (10. Qe2 {/\ 0-0-0}
Bd6 (10... Qa5+ $5 {against 0-0-0 deserved attention.}) 11. O-O-O Qc7 {/\
0-0-0 and the position remains balanced.} 12. Kb1 O-O-O 13. h3 Bh5 14. c4 Kb8
15. g4 Bg6 $11 {V.Kotov-Sargissian, Bor 2000}) 10... Bd6 11. h3 Bh5 12. Qe2 (
12. O-O O-O $11) 12... Qa5 $1 {fighting against 0-0-0} 13. a4 $6 {This is a
highly unusual plan.} (13. O-O O-O $11 {acknowledging that White has nothing
was wiser.}) 13... O-O 14. Qc2 $2 {White pushes it too hard. The plan with
0-0-0 doesn't look healthy at all.} (14. O-O Rfe8 $11 {/\ e5}) 14... Bxf3 {
corrupting White's P structure, there is no -> on the g <->.} 15. gxf3 Qh5 16.
O-O-O $5 {This was the main idea, but the white K is more exposed because of
the weakening a4 move.} (16. Qe2 Nd5 $15) 16... Nd5 $142 {Black immediately
goes for a counterattack.} (16... Qxf3 {White certainly doesn't bother with
the weak P.} 17. Kb1 $1 (17. Rdg1 Bf4 $1) 17... Rfe8 (17... Bf4 $2 {is already
met by} 18. Be2 $1) 18. Rdg1 e5 (18... Kh8 19. Be2 Qf5 20. Bd3 Qa5 21. Bg5 Nd7
22. Bxh7 g6 23. h4 Kxh7 (23... Qf5 24. h5 $1 Qxc2+ 25. Kxc2 Kxh7 26. hxg6+ $16)
24. h5 Kg8 25. hxg6 f6 26. Rh7 fxg5 27. Rxd7 (27. Rgh1 $2 Nf6) 27... Rad8 28.
Rf7 Re7 29. Qe2 g4 30. Qxg4 $40) 19. dxe5 Bxe5 20. Bh6 $13) 17. Kb1 b5 $1 {
opening up the lines against the white K.} (17... Qxf3 {is again useless.} 18.
Bxh7+ Kh8 19. Be4 Nxe3 20. Bxf3 (20. fxe3 Qxe3) 20... Nxc2 21. Kxc2 a5 $11) 18.
Rdg1 f6 {defending against Rg5.} (18... Nxe3 $6 {doesn't loook logical, the N
is excellent on d5.} 19. fxe3 bxa4 20. f4) 19. axb5 cxb5 20. Bc1 (20. Qe2 Rfe8)
20... Rab8 {Black's attacking chances on the << look more realistic than
White's on the other flank.} 21. Qe2 Rfe8 22. Qe4 (22. Rg4 $5) 22... Kh8 (22...
f5 23. Qe2) 23. h4 (23. Qg4 Qf7 24. Qh4 (24. Rg2 f5 25. Qh4 a5 26. Rhg1 Rg8 $17
) (24. f4 f5 25. Qf3 a5 $17) 24... f5 $17) 23... f5 $1 24. Qe2 Qf7 {bringing
back the Q towards the <<.} 25. Rg2 Bf4 $1 {Black has a rock-solid position on
the >>, g7 can easily be defended.} (25... e5 $5) 26. Rhg1 Rg8 (26... Bxc1 $2 {
allows the nice zwischenzug} 27. Rxg7 $1 Qf6 28. Kxc1 e5 29. Bxb5 Nf4 30. Qc4
$18) 27. Be3 {The B is not very impressive here...} Qd7 28. Qd2 (28. h5 Bd6)
28... Bd6 {Now Black can avoid already the exchange of the bad B.} 29. Bc2 Qb7
$1 {/\ b4-b3} (29... a5) 30. Bg5 (30. Qd3 b4 31. c4 b3 $1 {and Black's ->
crashes through.} (31... Nc3+ 32. Kc1 $1 (32. bxc3 b3 $17)) 32. Bd1 Nf4 33.
Bxf4 Bxf4 34. Qc3 a5 $1 35. h5 a4 $19) 30... b4 31. c4 {[#]} b3 $1 $19 {
This is the point, White is helpless against the threats on the <<.} 32. Bd3 (
32. cxd5 bxc2+ 33. Qxc2 Qxd5 $19) (32. Bxb3 Qxb3 33. cxd5 Ba3 $19) 32... Bb4
33. Qe2 Qa6 34. Bh6 (34. Kc1 Rgc8 $19) 34... Nc3+ $1 {The nice finish!} 35.
bxc3 Bxc3 36. Kc1 Qa3+ 37. Kd1 Qa1+ 38. Bc1 b2 39. Qe3 Bxd4 40. Qd2 bxc1=Q+ 41.
Qxc1 Qa2 0-1

[Event "Olympiad-33"]
[Site "Elista"]
[Date "1998.10.11"]
[Round "12.1"]
[White "Topalov, Veselin"]
[Black "Timman, Jan H"]
[Result "0-1"]
[WhiteElo "2700"]
[BlackElo "2655"]
[Annotator "Lukacs,P"]
[PlyCount "66"]
[EventDate "1998.09.29"]
[EventType "team-swiss"]
[EventRounds "13"]
[EventCountry "RUS"]
[SourceTitle "CBM 068"]
[Source "ChessBase"]
[SourceDate "1999.02.01"]
[SourceVersion "1"]
[SourceVersionDate "1999.02.01"]
[SourceQuality "1"]
[WhiteTeam "Bulgaria"]
[BlackTeam "Netherlands"]
[WhiteTeamCountry "BUL"]
[BlackTeamCountry "NED"]

1. e4 c6 2. d4 d5 3. Nd2 dxe4 4. Nxe4 Nd7 5. Ng5 Ngf6 6. Bd3 e6 7. N1f3 Bd6 8.
Qe2 h6 9. Ne4 Nxe4 10. Qxe4 Qc7 11. Qg4 Kf8 {This line is still very popular
these days. Black has got some problems with his development on the >>,
especially with his R, but this is his only weakness.} 12. O-O c5 13. Qh4 (13.
c3 b6 14. Qh4 (14. Re1 {- 13.Re1}) 14... Bb7 15. Be4 Be7 16. Bg5 Bxg5 17. Nxg5
Nf6 18. Bxb7 Qxb7 19. Nf3 {1/2 Andreev-Galkin, Rotterdam 1998}) (13. Re1 b6 14.
c3 Bb7 15. h4 (15. Bd2 {It is not easy to create a target in Black's camp.} Rd8
(15... Re8 $5 16. Rad1 $6 (16. h4 $142) 16... c4 17. Bc2 Bd5 18. Ba4 b5 $1 19.
Bc2 (19. Bxb5 Nf6 20. Qh3 Rb8 $44) 19... g5 $1 {Now Black solves the problem
of his K, and his centralized bishops will decide the game.} 20. Qh3 Kg7 21.
Ne5 $6 {Desperation.} Nxe5 22. dxe5 Bxe5 23. Qh5 Bf6 $19 {Shankar-Speelman,
Calcutta (op) 1998}) 16. h4 cxd4 17. cxd4 Nf6 {White has an isolated P, which
can easily be blockaded by Black.} 18. Qh3 Qd7 19. Rad1 Bxf3 20. Qxf3 Be7 21.
Bf4 Qd5 $11 {Nevednichy-Papaionnoa, Elista (ol) 1998}) 15... Re8 {It is hard
to see which is the best place for the R.} (15... Rd8 16. Bd2 Nf6 17. Qh3 Bxf3
18. Qxf3 cxd4 19. cxd4 Qd7 20. a4 Be7 21. Bc3 Qd5 22. Qh3 Bd6 $13 {
Shirov-Karpov, Amber blindfold Monte Carlo 1998}) (15... c4 16. Bc2 b5 17. Bd2
a5 18. h5 Bd5 19. Qh3 Rb8 20. b3 b4 21. bxc4 bxc3 22. Bxc3 Qxc4 23. Nd2 Qc7 24.
Bb3 Nb6 $13 {Anand-Karpov, Amber rapid Monte Carlo 1998}) 16. h5 Bd5 17. Bd2
Rd8 18. Re2 {It is hard to find a clear-cut plan for White.} Kg8 19. Qh3 Qc6
20. Re3 Bxf3 21. Rxf3 Nf6 22. Qh4 Be7 23. Rh3 cxd4 24. cxd4 Qd6 25. Be3 Kf8 26.
Rc1 Qb4 27. b3 Nd5 28. Qe4 Bf6 29. Bc4 Qd6 30. Bxd5 Qxd5 31. Qxd5 Rxd5 32. Rc7
a5 33. a4 Kg8 $11 {Topalov-Anand, Linares 1998}) 13... b6 14. Be4 Bb7 (14...
Rb8 {See Eismont-Gutov, Russian Cup 1998 CBM 66}) 15. Bxb7 Qxb7 16. b3 Be7 (
16... Nf6 $6 17. dxc5 Bxc5 18. Bb2 Be7 19. c4 $14 {and Black has problems in
connecting his rooks.}) (16... g6 $6 17. Bb2) (16... Qc6 $5 17. c4 (17. Bb2 Be7
(17... c4 $5) 18. Qg3 Bd6 {/\} 19. Qxg7+ Kxg7 20. d5+ Be5 21. Bxe5+ Nxe5 22.
dxc6 Nxf3+ 23. gxf3 Rac8) 17... Be7 (17... cxd4 {is simply met by} 18. Nxd4)
18. Qg3 Bd6 19. Bf4 Bxf4 20. Qxf4 $14 {and White will take the d <-> quickly.})
17. Qg3 Bf6 18. Be3 (18. Ba3 g6 19. Rad1 Kg7 20. dxc5 bxc5 $13 {and the B is
misplaced on a3.}) (18. Bb2 g6) 18... g6 19. Rad1 Kg7 20. c4 Rad8 21. d5 (21.
dxc5 Nxc5 22. Bxc5 bxc5 $11) 21... exd5 (21... Nf8 $6 22. Ne5 exd5 23. cxd5 $14
{/\} Rxd5 $4 24. Qf3 $18) 22. Rxd5 (22. cxd5 Rhe8 23. Bf4 b5 $1 $13 {/\ c4})
22... Nf8 23. Rxd8 Bxd8 24. h4 ({More to the point is} 24. Rd1 $142 Ne6 (24...
Bf6 25. Ne5 Qe4 (25... Ne6 $4 {loses to} 26. Rd7 $18) 26. Ng4 $14) 25. h4 ({
Here} 25. Ne5 {is met by} Qe4) 25... h5 (25... Bf6 26. h5) 26. Bg5 $5) 24... h5
25. Rd1 Bf6 26. Bg5 Nh7 $1 {Black is defending himself very carefully.} 27. Rd5
(27. Qf4 Re8) 27... Re8 28. Bf4 Rd8 $1 (28... Kh8 29. Ne5 $1) 29. Bd6 (29. Rxh5
Kh8 30. Rd5 (30. Rh6 $6 Bg7 31. Be5 Kg8 $1 (31... f6 $2 32. Qxg6 $1 Bxh6 33.
Bxf6+ $18) 32. Bxg7 Kxg7 33. Qf4 Nf6 $17) 30... Rxd5 31. cxd5 Qxd5 32. Bh6 Qd8
33. Qf4 $11) 29... Qc6 30. Kh2 (30. Rd2 $11) 30... Kg8 {[#]} 31. Nd2 $4 {
[%mdl 8192] This is a serious blunder, White is pushing too hard, and forgets
about the possibility of losing the game.} (31. Ne5 $6 Qe8) (31. Rd2 $11) 31...
Bxh4 $1 $19 {A blow from the blue!} 32. Qd3 $2 {losing a piece at the end.} (
32. Qxh4 Rxd6 33. Rxd6 Qxd6+ $19) 32... Nf6 33. Be7 Qc7+ 0-1

[Event "EU-Cup 21st"]
[Site "Saint Vincent"]
[Date "2005.09.21"]
[Round "4.2"]
[White "Bacrot, Etienne"]
[Black "Bologan, Viktor"]
[Result "1/2-1/2"]
[WhiteElo "2729"]
[BlackElo "2700"]
[Annotator "Lukacs,P"]
[PlyCount "277"]
[EventDate "2005.09.18"]
[EventType "team-swiss"]
[EventRounds "7"]
[EventCountry "ITA"]
[SourceTitle "CBM 110"]
[Source "ChessBase"]
[SourceDate "2006.01.31"]
[SourceVersion "1"]
[SourceVersionDate "2006.01.31"]
[SourceQuality "1"]
[WhiteTeam "Paris NAO"]
[BlackTeam "Tomsk 400"]
[WhiteTeamCountry "FRA"]
[BlackTeamCountry "RUS"]

1. e4 c6 2. d4 d5 3. Nd2 dxe4 4. Nxe4 Nd7 5. Ng5 Ngf6 6. Bd3 e6 7. N1f3 Bd6 8.
Qe2 h6 9. Ne4 Nxe4 10. Qxe4 Qc7 11. Qg4 (11. O-O) 11... Kf8 12. O-O c5 13. b3 (
13. dxc5 Nxc5 14. Be3 {- Stefansson-Karpov, Reykjavik 2004 CBM 100}) 13... e5
14. c3 (14. dxc5 Nxc5 15. Bf5 {- Fressinet-Schandorff, Germany 2003 CBM 095})
14... exd4 (14... b6 15. Re1 cxd4 {- Shirov-Karpov, Moscow 2002 CBM 091} (15...
Bb7 {- Leko-Karpov, RUS-The World rapid 2002 CBM 91})) 15. cxd4 Ne5 16. Qe4
Nxf3+ 17. Qxf3 Bxh2+ (17... cxd4 18. Kh1 Qc3 19. Rb1 $14) 18. Kh1 Bd6 19. Bb2
$142 {White has sacrificed his h2 P for a better development, the black K on
f8 poses a lot of problems.} (19. dxc5 Qxc5 $142 (19... Bxc5 20. Bb2 Qe7 21.
Kg1 Be6 22. Rae1 {White has an enormous lead of development, Black cannot
connect his rooks.} Re8 (22... Kg8 23. Bf5) 23. Bf5 $16) 20. Bb2 (20. Be3 Qe5
21. g3 h5 $1 22. Bf4 Qf6 23. Bxd6+ Qxd6 24. Bc4 Qc7) 20... Qg5 21. Kg1 Bg4 {
Black sacrifices back the P in order to accomplish his development.} (21... Rb8
22. Bc4 Qf4 23. Qxf4 Bxf4 24. g3 Bd6 25. Rad1 Be7 26. Be5 Ra8 27. Rfe1 $44) 22.
Qxb7 Rb8 23. Qc6 Rb6 24. Qa8+ Rb8 25. Qc6 Rb6 26. Qc3 f6 $13 {
Bellaiche-Brochet, Evry 2003}) 19... Qe7 20. Kg1 (20. g3 h5 $1 $132 {and
finally Black can make use of his bad R on h8!}) 20... Qh4 21. g3 Qg4 22. Qd5 {
White wants to avoid the exchange of queens.} Qe6 (22... Be7 23. Rfe1 Qd7 24.
Qc4) 23. Qg2 Qh3 24. Ba3 {So, he can't stop Black from exchanging queens, but
Black has not fully equalized yet.} Qxg2+ 25. Kxg2 b6 26. Be4 Rb8 27. Rac1 Bb7
(27... Ke7 28. dxc5 bxc5 29. Bxc5 $14 {and White has the P majority on the <<,
and the more active pieces.}) 28. Bxb7 Rxb7 29. dxc5 bxc5 30. Rcd1 $1 {This
intermediate move is really important.} (30. Bxc5 Bxc5 31. Rxc5 Ke7 32. Re1+
$14) 30... Be7 31. Bxc5 g5 32. Rd8+ Kg7 33. Bd4+ f6 34. Rxh8 Kxh8 35. Rc1 {
White is slightly better because of his << P majority and the better pieces,
but this cannot be enough for a win.} (35. Kf3 $5) 35... Kg7 36. Kf3 a5 {/\ a4}
37. Rc6 (37. Rc4 h5) 37... a4 $1 {liquidating the weak a P, and minimizing the
material.} 38. bxa4 Rb4 39. Ke4 (39. Re6 Rxd4 (39... Kf7 $4 40. Rxe7+) 40.
Rxe7+ Kg6 41. Re4 Rd2 $11 {and the R _|_ is drawish, as usual.}) 39... Rxa4 40.
Rc7 Kf8 41. Ra7 Rxa7 42. Bxa7 h5 $1 {Black can also create a o^, although this
is not so dangerous as his colleague on a2.} 43. Kf5 h4 (43... Kf7 44. a4) 44.
gxh4 gxh4 45. Kg4 f5+ 46. Kh3 (46. Kxf5 h3 47. Bb8 Bc5 48. Kg4 Bxf2 $11) 46...
Kf7 47. f3 Ke6 48. Bf2 Kd5 49. Bxh4 {White has won the P, but there is not
much material left on the board, and Black has activated his K. The colour of
the a8 square gives extra drawing possibilities because of the bad B.} Ba3 50.
Bf2 Bc1 $11 51. Kg3 Kc4 52. a4 (52. Kh4 $5 Bd2 53. Kh5 Kd3 $1) 52... Bg5 53.
Be1 Bc1 54. Kf2 Bg5 55. Ke2 Bf6 56. Bd2 Bh4 57. Be1 Bg5 58. Bd2 Bf6 59. Kf2
Bh4+ 60. Kg2 Kc5 61. Kh3 Bf2 62. Kg2 Bh4 63. Kf1 Kc4 64. Ke2 Bf6 65. a5 Kb5 66.
Kd3 Bg7 67. Bc3 Bh6 68. Bd2 Bg7 69. Ke3 Bh6+ 70. Ke2 Bg7 71. Kf2 Be5 72. Kg2
Bc7 73. Kh3 Ka6 74. Kh4 Bd8+ 75. Kh5 Bc7 76. Kg6 f4 77. Kf5 Kb5 78. Ke6 Ka6 79.
Kd7 Be5 80. Kc6 Bb8 81. Bb4 Be5 82. Bd6 Bc3 83. Bxf4 Kxa5 84. Bc7+ Kb4 85. f4
Kc4 86. Be5 (86. f5 Bg7 87. Kd6 Kd4 88. Ke6 Ke4 89. Bd8 Bc3 90. Bf6 Bd2 91. Bb2
Bg5 $11) 86... Bd2 87. f5 Bg5 88. Bb2 Bh4 89. Kd6 Kd3 90. Ke5 Ke3 91. Bc1+ Kf3
92. Bh6 Kg4 93. Ke6 Be7 94. Be3 Bh4 95. Bd4 Be7 96. Bf6 Bb4 97. Bd8 Bc3 98. Bc7
Kg5 99. Be5 Bb4 100. f6 Kg6 101. f7 Ba3 102. Bf6 Bf8 103. Bd8 Bg7 104. Be7 Bh6
105. Bb4 Bg7 106. Bc3 Bf8 107. Bf6 Bh6 108. Ke7 Kf5 109. Bc3 Kg6 110. Ke8 Kf5
111. Bd2 Bg7 112. Ke7 Kg6 113. Ke8 Kf5 114. Bc3 Bh6 115. Ke7 Kg6 116. Bd4 Kf5
117. Bf6 Kg6 118. Bb2 Kf5 119. Ba3 Kg6 120. Ke8 Bg7 121. Bf8 Bc3 122. Bh6 Bb4
123. Bd2 Bc5 124. Be3 Bb4 125. Bf2 (125. Bb6 Kf6 126. Bd8+ Ke6 $11) 125... Kf6
126. Be1 Bc5 127. Bd2 Ke6 128. Bh6 Bd6 129. Bf8 Be5 130. Bc5 Bg7 131. Be3 Kd6
132. Bd4 Bh6 133. Bf6 Ke6 134. Be7 Bg7 135. Bg5 Kf5 136. Bc1 Ke6 137. Bd2 Kd6
138. f8=Q+ Bxf8 139. Kxf8 1/2-1/2

[Event "Cannes NAO Masters"]
[Site "Cannes"]
[Date "2002.03.01"]
[Round "7"]
[White "Topalov, Veselin"]
[Black "Karpov, Anatoly"]
[Result "1-0"]
[WhiteElo "2739"]
[BlackElo "2693"]
[Annotator "Lukacs,P"]
[PlyCount "149"]
[EventDate "2002.02.22"]
[EventType "tourn"]
[EventRounds "9"]
[EventCountry "FRA"]
[EventCategory "18"]
[SourceTitle "CBM 088"]
[Source "ChessBase"]
[SourceDate "2002.03.21"]
[SourceVersion "1"]
[SourceVersionDate "2002.03.21"]
[SourceQuality "1"]

1. e4 c6 2. d4 d5 3. Nc3 dxe4 4. Nxe4 Nd7 5. Ng5 Ngf6 6. Bd3 e6 7. N1f3 Bd6 8.
Qe2 h6 9. Ne4 Nxe4 10. Qxe4 Qc7 11. Qg4 Kf8 12. O-O c5 13. b3 e5 (13... cxd4
14. Qxd4 Ne5 $5 {- Leko-Karpov, Linares Super GM 2001 CBM 82}) 14. dxc5 (14. c3
$5 {- Leko-Timman, Corus Wijk aan Zee 2002 CBM 87}) 14... Nxc5 15. Bf5 {
White's only advantage is the inferior position of the black K, and if Black
accomplishes his development the game is completely even.} h5 (15... Ne6 16.
Bb2 h5 17. Qh4 f6 18. Bxe6 Bxe6 19. c4 Bg4 20. h3 Bf5 $13 {Stellwagen-Nep,
Corus Wijk aan Zee 2002}) (15... Bxf5 16. Qxf5 e4 17. Nh4 Kg8) (15... e4 16.
Bb2 Rg8 17. Nd4) 16. Qh3 Ne6 17. Rd1 $5 $146 {This is the first new move, and
now Black is at the crossroad.} (17. Qh4 Be7 18. Qg3 {The Q has also problems
in this line.} Nf4 19. Bxf4 exf4 20. Qh3 {White wants to get exactly this
position by playing 17.Rfd1, but with an extra Rfd1!} g6 (20... Bf6 $5) 21.
Bxc8 Rxc8 22. c4 {The P structure is better for White, he has to improve his
Q's position.} Kg7 23. Nd4 Rhd8 $11 (23... Bf6 24. Nb5 (24. Rad1 Rcd8) 24...
Qc5 $11 {Gelfand-Speelman, Munich 1992})) 17... Be7 (17... g6 18. Bxe6 Bxe6 19.
Qh4 Be7 (19... Kg7 20. Bg5 $16 {/\ Bf6 is annoying}) 20. Qe4 Bg4 21. Bb2 $14 {
and >< e5 is severly attacked.}) (17... Kg8 18. Qh4 $5 {may again lead to
similar consequences after} (18. Ng5 $143 Nd4 $142 {is the strong centralizing
reply.} (18... Nf8 19. Bxc8 (19. Qf3 e4 $5) 19... Rxc8 20. Qf5 $14) 19. Bxc8
Qxc8 20. c4 Qxh3 21. Nxh3 Rd8 $11) 18... Be7 19. Qg3 Nf4 20. Bxf4 exf4 21. Qh3)
18. Qg3 $1 ({The hyper-aggressive} 18. Rd5 $6 g6 19. Nxe5 $5 {founders on} Bf6
$1 (19... gxf5 $2 20. Qxf5) 20. Nxg6+ (20. Bb2 $2 Nf4 $1) 20... fxg6 21. Bxe6
Bxa1 22. Bxc8 Qxc8 23. Rd7 Qc6 $1 $19 {Speelman}) 18... Nf4 $1 (18... Bd6 {
seems to be a loss of a tempo, White has improved his Q's position.} 19. c4 Bd7
20. Bxe6 (20. Bb2 {allows} Nf4 $1) 20... Bxe6 21. Bb2 f6 22. Qg6 $14 {with
some pressure on the weakened light squares.}) (18... Bf6 19. Ba3+ $1 {
penetrating on >< d6} Kg8 20. Bd6 (20. Bxe6 Bxe6 21. Bd6 Qxc2 22. Bxe5) 20...
Nf4 21. Kh1 $5 (21. Bxc7 Ne2+ 22. Kf1 Nxg3+ 23. hxg3 Bxf5 24. Bxe5 $14) 21...
h4 (21... Bxf5 $2 22. Bxc7 Ne2 23. Qxe5 $1 $18) 22. Qg4 Bxf5 23. Qxf5 Qc8 24.
Qe4 $1 {and Black hasn't finished his development yet, Speelman.}) 19. Bxf4
exf4 20. Qh3 Bf6 (20... g6 21. Bxc8 (21. Bd7 $5 Bf6 22. Rac1 Kg7) 21... Rxc8 {
is almost the same position as in Gelfand-Speelman, but with an extra Rfd1,
which helps for White.} 22. Rd7 $1 {This is the big difference!} (22. c4 Rd8 $1
(22... Bf6 23. Rac1 Kg7 24. Rd7) 23. Rxd8+ Qxd8 $11) 22... Qxc2 23. Re1 {
Now White's heavy artillery is in action.} Bb4 (23... Bf6 24. Rxb7 $16) 24.
Red1 Kg7 25. Ng5 (25. Ne5 Be7 $1) 25... Be7 26. Ne6+ $1 Kh7 27. Qf3 $16) 21.
Rac1 g6 22. Bxc8 Qxc8 $6 (22... Rxc8 {is more natural, of course.} 23. Rd7 Qc6
24. c4 Kg7 25. Nd4 $14 {was the lesser evil.}) 23. Qxc8+ {The _|_ is certainly
better for White because of the virtual P majority on the << and the
possession of the d <->.} (23. Rd7 $5 {looks also tempting penetrating on the
7-th rank.} Kg7 (23... Qc6 24. c4) 24. Qe6 Rf8 (24... Qe8 25. Qd5) 25. c4 $16)
23... Rxc8 24. Rd7 Rb8 $14 {Black can still hold his weaknesses on the 7-th
rank, more penetrations cannot be seen yet.} (24... Bb2 25. Rcd1 Rxc2 26. Rxb7
$16 {and soon both rooks will penetrate on the 7-th rank.}) 25. c4 Kg7 26. Kf1
g5 27. Rcd1 (27. Nd4 Kg6) (27. c5 Rhd8) 27... Rhe8 28. R1d5 Kg6 (28... g4 29.
Ng5 Re7 30. Rxe7 Bxe7 31. Ne4 Kg6 $14) 29. h3 a6 (29... g4 $14) 30. R5d6 (30.
c5 $5 $14) 30... Re6 31. Rxe6 fxe6 {Now Black's P structure has been improved
a bit.} 32. Nd2 (32. Ke2 $5 {/\ Nd2 avoiding the exchange of his active R was
worthy of consideration.}) 32... g4 $2 (32... Rd8 33. Rxd8 Bxd8 34. Ne4 Be7 35.
Ke2 $14 {looks a bit better for White, but it is far from clear.}) 33. Ne4 {
Now White's pieces dominate the board, the N is much better than the passive B.
} b6 34. f3 $1 {clarifying the situation on the >> fixing the P on the colour
of the B.} gxf3 35. gxf3 Bb2 36. Re7 Kf5 37. Ra7 a5 {another weakness has been
created.} 38. c5 $1 {Now White is simply winning a P.} bxc5 39. Rxa5 Bd4 40.
Nxc5 $18 Rc8 41. b4 (41. Ne4+ Kg6 42. Ke2 $18) 41... e5 (41... Bxc5 $2 42.
Rxc5+ Rxc5 43. bxc5) 42. Ne4 Ke6 43. Ke2 Rc2+ 44. Kd3 Rh2 45. Ra6+ Kd7 {
Black's last hopes are based on a remote o^ on the h <->.} 46. Ng5 Rg2 47. h4
Rh2 48. Ne6 Bf2 49. Nf8+ Kc7 50. Ng6 Be1 (50... Bxh4 51. Nxh4 Rxh4 52. Ke4 $18)
51. b5 {White connected passed pawns look decisive.} Rb2 52. a4 Rb3+ {Now the
target is >< f3.} 53. Ke4 Re3+ 54. Kf5 Rxf3 55. Nxe5 Rb3 56. Kxf4 $6 {It was
absolutely not necessary giving away the h P.} (56. Rc6+ Kd8 57. Kg5 $1 f3 58.
Rf6 f2 59. Kxh5 $18 {was the winning plan.}) 56... Bxh4 57. Ke4 {Now White has
some technical difficulties.} Bg3 58. Rc6+ Kd8 59. Nd3 h4 60. Rh6 (60. Nc5 Rb4+
61. Kd5 Rb1) 60... Ra3 61. Nc5 Bf2 62. Kd5 Bxc5 63. Kxc5 Rxa4 64. Kc6 {The R
_|_ is winning, because the black K cannot reach b8.} Rc4+ 65. Kb7 Kd7 66. b6
Rb4 67. Ka7 Ra4+ 68. Kb8 Rb4 69. b7 Ra4 70. Rh7+ Kd8 (70... Kd6 71. Kc8 Rc4+
72. Kd8 Rb4 73. Rh6+ Ke5 74. Kc7 $18) (70... Ke6 71. Kc7 Rc4+ 72. Kb6 Kf6 73.
Kb5 $18) 71. Rh8+ Kd7 72. Rh6 $22 {White has deliberately lost a tempo in
order to create zugzwang.} Kd8 73. Rh7 $22 {This already the last zugzwang.}
Rb4 74. Ka7 Ra4+ 75. Kb6 1-0